000 01381cad a2200277 4500
001 L158627
008 100215n2013 000 0 eng u
020 _a9781783210305
035 _a(Sirsi) u158627
041 _aeng
100 1 _aMalsane, Sagar
111 2 _aConstruction and Building Research Conference
_cIIT Delhi, New Delhi
_d10-12 September 2013
245 0 3 _aAn object model development for the UK automated compliance checking
_h[electronic resource]
260 _aLondon
_bRICS
_c2013
490 0 _aCOBRA
_v2013
520 _aA paper presented at the COBRA Conference in New Delhi on 10-12 September 2013. Presents an analysis of the UK fire safety building regulations for dwelling houses to determine and optimize potential for automated compliance checking. The Industry Foundation Class (IFC) has been accepted worldwide as an inter-operability standard and is a well suited format for automated compliance checking. However, whether the IFC data format can fully support the specialized needs of the UK Building Regulations is still debatable.
650 2 4 _aCONSTRUCTION AND BUILDING RESEARCH CONFERENCE (COBRA)
650 2 4 _aBIM
_96219
650 2 4 _aCOMPLIANCE
650 2 4 _aINDUSTRY FOUNDATION CLASS
651 4 _aUnited Kingdom
_y
690 _aBuilding regulations
_96224
700 1 _aMatthews, Jane
700 1 _aLockley, Steve
942 _n0
999 _c115425
_d115425